00674nam a2200193 a 450000500170000000800410001702000180005805000220007610000160009824500700011426000380018430000160022244000180023865000400025665000400029665000150033699900190035195201100037020140412111301.0001117s19uu xx 00 eng d a0-689-71111-5 aM 153.7bH65 1973 aHoban, Tana aOver, under and through and other spatial concepts /cTana Hoban. aNew York :bMacmillan Pub,c1973. a1 v. (unp.) aAlladin Books aSpace perception -- pictorial works aSpace perception -- pictorial works aVocabulary c103410d103410 001040aELbELcMd2000-11-17eDonationl0oM 153.7 H65 1973pE4758r2014-04-12 00:00:00w2014-04-12yBK